Statistics for Taylor Swift - Picture to Burn Lyrics

Click here to take the quiz!

General Stats

  • This quiz has been taken 74 times
  • The average score is 259 of 291

Answer Stats

Answer% Correct
a
100%
I
100%
you
100%
your
100%
you're
100%
You're
100%
that
98%
the
98%
to
98%
another
96%
Burn
96%
burn
96%
hate
96%
I'm
96%
just
96%
me
96%
never
96%
picture
96%
stupid
96%
And
93%
and
93%
go
93%
let
93%
My
93%
my
93%
old
93%
drive
91%
friends
91%
love
91%
pickup
91%
So
91%
tell
91%
truck
91%
as
89%
As
89%
bad
89%
concerned
89%
could
89%
crazy
89%
ever
89%
if
89%
That's
89%
way
89%
all
87%
be
87%
By
87%
didn't
87%
far
87%
fine
87%
for
87%
mind
87%
more
87%
really
87%
say
87%
than
87%
yourself
87%
get
85%
heartbreak
85%
lyin'
85%
no
85%
obsessive
85%
obvious
85%
State
85%
you'll
85%
at
83%
'Cause
83%
fantasy
83%
match
83%
of
83%
redneck
83%
strike
83%
time
83%
who's
83%
won't
83%
around
80%
baby
80%
Baby
80%
coming
80%
daddy's
80%
gonna
80%
health
80%
perfect
80%
realize
80%
sorry
80%
wasted
80%
watch
80%
with
80%
would
80%
best
78%
goin'
78%
here
78%
how
78%
it
78%
on
78%
out
78%
show
78%
There's
78%
back
76%
come
76%
from
76%
sayin'
76%
keep
74%
nothing
74%
planning
74%
stoppin'
74%
better
72%
missing
72%
revenge
72%
sittin'
72%
you'd
67%
In
65%
tears
65%
case
59%
haven't
59%
heard
59%
ya
59%

Score Distribution

Percentile by Number Answered

Percent of People with Each Score

Your Score History

You have not taken this quiz